000 01113nam a22003617a 4500
001 BR7909003
003 BR-BrBNA
005 20230928090424.0
007 ta
008 230509b bl.||||| |||| 00| 0 por d
040 _aBR-BrBNA
_bpor
_cBiblioteca Nacional de Agricultura
041 _a(Por)
072 _aE30
_b/G514
090 _ E30 BR7909003
100 1 _aDias, S. da F.
100 1 _aCosta, M.F. da
100 1 _aPenalber, A.M.C.
100 1 _aLoureiro, M.R.C.
100 1 _aAlbuquerque, C.R.A. de
100 1 _aAraujo, R.M. de
100 1 _aOliveira, N.V. de C.
100 1 _aBarros, F. dos S.
110 1 _aInstituto do Desenvolvimento Economico-Social do Para, Belem (Brasil)
245 1 _aEstudos basicos para formulacao de uma politica de desenvolvimento industrial na Amazonia [Brasil]
260 3 _aBelem, PA (Brasil):
_c1979.
300 _a578 p.
500 _aNumerical data; Bibliography p. 524-528; Summary (Por)
650 _aINDUSTRIA AGRICOLA
650 _aDESENVOLVIMENTO INDUSTRIAL
650 _aAMAZONIA
909 _a202309
_bLucia
_c55
_dLucia Elande
942 _cBK
999 _c28781
_d28781